00434nam a2200133Ia 4500008004100000100001800041245004700059245001900106260000900125650002300134856005100157999001900208952007300227160609s9999 xx 000 0 und d aWebb, Graham. 4aThe Animated Film Encyclopedia 2nd edition cBy:Graham Webb c2011 xCOMPUTER ANIMATION uhttp://file.ebook777.com/010/9780786449859.pdf c295734d295734 001040aCLbCLd2016-06-09l0r2016-06-09 00:00:00w2016-06-09yCBE